Carlos Fuentes: perspectivas críticas

Saved in:
Bibliografiske detaljer
Hovedforfatter: Popovic Karic, Pol (Author)
Format: Bog
Sprog:spansk
Udgivet: Ciudad de México Siglo Veintiuno 2002
Udgivelse:1a. ed
Serier:Linguística y Teoría Literaria
Fag:
Tags: Tilføj Tag
Ingen Tags, Vær først til at tagge denne postø!

MARC

LEADER 00000nam a2200000 a 4500
001 UCH7591
003 CL-VaPUC
008 091119e20020000MX |||||||||||||||||spa|d
020 |a 9789682324246 
082 0 4 |a Me863.9  |b POP  |2 21 
100 0 |a Popovic Karic, Pol  |e author  |9 543998 
245 1 0 |a Carlos Fuentes: perspectivas críticas 
250 |a 1a. ed 
300 |a 189 p 
942 |c BK 
945 |d 20091119 00:00:00  |a rbrito 
260 |a Ciudad de México  |b Siglo Veintiuno  |c 2002 
600 0 7 |a FUENTES, CARLOS  |2 CL-VaPUC  |9 376869 
650 0 |a Literatura mexicana  |9 313097 
650 0 |a Crítica literaria   |9 269189 
650 0 |a Crítica e interpretación   |9 255042 
583 |a last modification  |c 20091119 00:00:00  |k Rodrigo Vera 
490 0 |a Linguística y Teoría Literaria 
999 |c 338107  |d 338105 
952 |0 0  |1 0  |4 0  |6 ME_863_900000000000000_POP_2002  |7 0  |8 A  |9 430940  |a BIBEDU  |b BIBEDU  |d 2019-11-22  |i 4618955  |o Me863.9 POP 2002  |p 4618955  |r 2019-11-22  |w 2019-11-22  |y BK  |k LIT